| Tag |
First Indicator |
Second Indicator |
Subfields |
| LEADER |
00000cam a2200000 a 4500 |
| 001 |
in00002350821 |
| 005 |
20151108064720.0 |
| 008 |
071006s2008 mdu 001 0 eng d |
| 020 |
|
|
|a 0761838945
|
| 020 |
|
|
|a 9780761838944
|
| 035 |
|
|
|a (OCoLC)ocn173808005
|
| 040 |
|
|
|a YDXCP
|c YDXCP
|d BWX
|d OUN
|d TXA
|d UtOrBLW
|
| 049 |
|
|
|a TXAM
|
| 090 |
|
|
|a PS3525.A1772
|b Z8 2008
|
| 245 |
0 |
0 |
|a Reflections in a critical eye :
|b essays on Carson Mccullers /
|c edited by Jan Whitt.
|
| 264 |
|
1 |
|a Lanham, Md. :
|b University Press of America,
|c [2008]
|
| 264 |
|
4 |
|c ©2008
|
| 300 |
|
|
|a xxxi, 163 pages ;
|c 23 cm.
|
| 336 |
|
|
|a text
|b txt
|2 rdacontent
|
| 337 |
|
|
|a unmediated
|b n
|2 rdamedia
|
| 338 |
|
|
|a volume
|b nc
|2 rdacarrier
|
| 504 |
|
|
|a Includes bibliographical references and index.
|
| 600 |
1 |
0 |
|a McCullers, Carson,
|d 1917-1967
|x Criticism and interpretation.
|
| 700 |
1 |
|
|a Whitt, Jan.
|
| 948 |
|
|
|a cataloged
|b h
|c 2008/1/16
|d c
|e dmitchel
|f 9:00:00 am
|
| 994 |
|
|
|a C0
|b TXA
|
| 999 |
|
|
|a MARS
|
| 999 |
f |
f |
|s 8cb3a398-db20-39a5-896d-77a02b0fbf95
|i 4e46f981-b920-39aa-b2d8-dfa2869e4db6
|t 0
|
| 952 |
f |
f |
|p ric
|a Texas A&M University
|b Rellis Campus
|c Joint Library Facility
|d Remote Storage
|t 0
|e PS3525.A1772 Z8 2008
|h Library of Congress classification
|i unmediated -- volume
|m A14836517804
|
| 998 |
f |
f |
|a PS3525.A1772 Z8 2008
|t 0
|l Remote Storage
|